Ábel Velencében. {La Venetia}. [Abel in Venice]
Elmentve itt :
| Szerző: | |
|---|---|
| Adatforrás: | Meister |
| Forrásdokumentuma: | Korunk. - 2003. 6, 30-38. |
| Nyelv: | magyar |
| Kulcsszavak: | szociográfia vendégmunka sociogafie sociography |
| LEADER | 00414nab a2200157 i 4500 | ||
|---|---|---|---|
| 001 | bibPRO00013410 | ||
| 008 | 080908s2003 xx hun | ||
| 040 | |a Sz1 | ||
| 041 | |a hun | ||
| 100 | 1 | |a ZSÓK István | |
| 245 | 1 | 0 | |a Ábel Velencében. {La Venetia}. [Abel in Venice] |c ZSÓK István |
| 695 | |a szociográfia | ||
| 695 | |a vendégmunka | ||
| 695 | |a sociogafie | ||
| 695 | |a sociography | ||
| 773 | 0 | |t Korunk. - |g 2003. 6, 30-38. | |